| 000 | 00000nam 2200000zi 4500 |
| 001 | 9.933956 |
| 003 | CaOODSP |
| 005 | 20240417110229 |
| 006 | m o d f |
| 007 | cr ||||||||||| |
| 008 | 240215e202402##onc o f000 0 eng d |
| 020 | |a9780660702902 |
| 040 | |aCaOODSP|beng|erda|cCaOODSP |
| 043 | |an-cn--- |
| 086 | 1 |aLo5-3/17-2024E-PDF |
| 245 | 00|aInvestigation report : |bDan Lovell. |
| 264 | 1|a[Ottawa] : |bOffice of the Commissioner of Lobbying of Canada = Commissariat au lobbying du Canada, |cFebruary 2024. |
| 264 | 4|c©2024 |
| 300 | |a1 online resource (21 pages) |
| 336 | |atext|btxt|2rdacontent |
| 337 | |acomputer|bc|2rdamedia |
| 338 | |aonline resource|bcr|2rdacarrier |
| 500 | |aTitle from cover. |
| 500 | |aIssued also in French under title: Rapport d’enquête : Dan Lovell. |
| 520 | |a"This report follows an investigation by the Commissioner of Lobbying pursuant to section 10.4 of the Lobbying Act to determine whether Mr. Dan Lovell, a registered consultant lobbyist, contravened Rules 7 and 8 of the Lobbyists’ Code of Conduct (2015) (2015 Code) by arranging meetings with and/or lobbying a public office holder with whom he shared a relationship that could reasonably be seen to create a sense obligation in respect of communications he had on behalf of his clients with Mr. Vance Badawey, Member of Parliament for Niagara Centre, in May and June 2022"--Executive Summary, page 1. |
| 650 | 0|aLobbyists|xProfessional ethics|zCanada. |
| 650 | 0|aLobbying|zCanada. |
| 710 | 2 |aOffice of the Commissioner of Lobbying of Canada, |eissuing body. |
| 775 | 08|tRapport d’enquête : |w(CaOODSP)9.933957 |
| 856 | 40|qPDF|s342 KB|uhttps://publications.gc.ca/collections/collection_2024/cal-ocl/Lo5-3-17-2024-eng.pdf |
| 856 | 4 |qHTML|sN/A|uhttps://lobbycanada.gc.ca/en/investigations/reports-on-investigation/investigation-report-dan-lovell/ |